000 00889nam a2200205Ii 4500
003 JO-AjNU
008 230605s9999||||xx |||||||||||||| ||und||
040 _aJO-AjNU
_bara
_erda
_cJO-AjNU
041 _aara
050 1 4 _aPJ7741.G4.Z32 1979
100 3 _aقدم له عباس،إحسان,
_eauthor
_916452
245 0 0 _aيحيى بن الحكم الغزال أمير شعراء الأندلس في القرن الثالث الهجري وسفير أمير الأندلس لدى إمبراطور القسطنطينية وملك النورمان 150-250هـ / 770-864 م
250 _aط1
264 3 1 _aبيروت:دار الآفاق الجديدة،1979
300 _a223ص
336 _atext
_btxt
_2rdacontent
337 _aunmediated
_bn
_2rdamedia
338 _avolume
_bnc
_2rdacarrier
650 4 _a الشعر العربي - تاريخ ونقد - إسبانيا - تاريخ
_916453
999 _aA4876
_c8444
_d8444